Tibet, the sacred realm : (Record no. 1251)

MARC details
000 -LEADER
fixed length control field 01487cam a2200349 a 4500
005 - DATE AND TIME OF LATEST TRANSACTION
control field 20260322212053.0
008 - FIXED-LENGTH DATA ELEMENTS--GENERAL INFORMATION
fixed length control field data
010 ## - LIBRARY OF CONGRESS CONTROL NUMBER
LC control number 82072809
020 ## - INTERNATIONAL STANDARD BOOK NUMBER
International Standard Book Number 0893811092 :
Terms of availability {dollar}35.00
020 ## - INTERNATIONAL STANDARD BOOK NUMBER
International Standard Book Number 0893811211 (pbk.)
020 ## - INTERNATIONAL STANDARD BOOK NUMBER
International Standard Book Number 0893811203 (museum catalogue ed.)
020 ## - INTERNATIONAL STANDARD BOOK NUMBER
International Standard Book Number 9780893811099 :
Terms of availability {dollar}35.00
020 ## - INTERNATIONAL STANDARD BOOK NUMBER
International Standard Book Number 9780893811204 (museum catalogue ed.)
020 ## - INTERNATIONAL STANDARD BOOK NUMBER
International Standard Book Number 9780893811211 (pbk.)
040 ## - CATALOGING SOURCE
Original cataloging agency DLC
Transcribing agency DLC
Modifying agency DLC
043 ## - GEOGRAPHIC AREA CODE
Geographic area code a-cc-ti
050 00 - LIBRARY OF CONGRESS CALL NUMBER
Classification number DS786
Item number .T497 1983
082 00 - DEWEY DECIMAL CLASSIFICATION NUMBER
Classification number 951/.504
Edition information 19
092 ## - LOCALLY ASSIGNED DEWEY CALL NUMBER (OCLC)
Classification number 951 T497 1983
001 - CONTROL NUMBER
control field data
245 10 - TITLE STATEMENT
Title Tibet, the sacred realm :
Remainder of title photographs, 1880-1950 /
Statement of responsibility, etc. Lobsang Phuntshok Lhalungpa, Academy of Natural Sciences of Philadelphia & Philadelphia Museum of Art.
260 ## - PUBLICATION, DISTRIBUTION, ETC.
Place of publication, distribution, etc. [New York] :
Name of publisher, distributor, etc. Distributed in the U.S. by Viking Penguin,
Place of publication, distribution, etc. [New York] :
Name of publisher, distributor, etc. Distributed in the U.S. by Viking Penguin,
Date of publication, distribution, etc. c1983.
300 ## - PHYSICAL DESCRIPTION
Extent 159 p. :
Other physical details ill. ;
Dimensions 24 cm.
500 ## - GENERAL NOTE
General note Catalog of an exhibition presented at the Philadelphia Museum of Art, Mar. 20-May 22, 1983.
504 ## - BIBLIOGRAPHY, ETC. NOTE
Bibliography, etc. note Bibliography: p. 157-158.
651 #0 - SUBJECT ADDED ENTRY--GEOGRAPHIC NAME
Geographic name Tibet Autonomous Region (China)
Form subdivision Pictorial works.
700 1# - ADDED ENTRY--PERSONAL NAME
Personal name Lhalungpa, Lobsang Phuntshok,
Dates associated with a name 1926-
710 2# - ADDED ENTRY--CORPORATE NAME
Corporate name or jurisdiction name as entry element Academy of Natural Sciences of Philadelphia.
710 2# - ADDED ENTRY--CORPORATE NAME
Corporate name or jurisdiction name as entry element Philadelphia Museum of Art.
856 42 - ELECTRONIC LOCATION AND ACCESS
Materials specified Contributor biographical information
Uniform Resource Identifier <a href="http://www.loc.gov/catdir/bios/hol054/82072809.html">http://www.loc.gov/catdir/bios/hol054/82072809.html</a>
856 42 - ELECTRONIC LOCATION AND ACCESS
Materials specified Publisher description
Uniform Resource Identifier <a href="http://www.loc.gov/catdir/description/hol042/82072809.html">http://www.loc.gov/catdir/description/hol042/82072809.html</a>
Holdings
Withdrawn status Lost status Damaged status Not for loan Home library Current library Shelving location Date acquired Total checkouts Full call number Barcode Date last seen Price effective from Koha item type
        Franklin Franklin General stacks 22/03/2026   951/.504 19 BC0011292 22/03/2026 22/03/2026 Books